[Event "Cuiaba Contaud op"]
[Site "Cuiaba"]
[Date "2023.11.02"]
[Round "1"]
[White "Sao Joao, Andre Zark"]
[Black "Freitas, Mauricio Mathioli"]
[Result "0-1"]
[WhiteElo "1800"]
[BlackElo "1609"]
[PlyCount "88"]
[EventDate "2023.11.02"]
[EventType "swiss"]
[EventRounds "7"]
[EventCountry "BRA"]
[SourceTitle "CB46_2023"]
[SourceDate "2023.11.15"]
[SourceVersion "1"]
[SourceVersionDate "2023.11.15"]
[SourceQuality "1"]

1. e4 c6 2. d4 d5 3. Nc3 dxe4 4. Nxe4 Nd7 5. Bc4 Ndf6 6. Ng5 e6 7. Ne2 h6 8. Nf3 Bd6 9. Bf4 Ne7 10. 0-0 Ng6 11. Bxd6 Qxd6 12. Bd3 Nf4 13. Nxf4 Qxf4 14. h3 0-0 15. Re1 b6 16. c4 Bb7 17. Qd2 Qxd2 18. Nxd2 Rfd8 19. Nb3 c5 20. Bc2 cxd4 21. Red1 Rac8 22. Rxd4 Rxd4 23. Nxd4 Rxc4 24. Rd1 e5 25. Bd3 Rxd4 26. Kh2 e4 27. Bc2 Rxd1 28. Bxd1 Bd5 29. a4 Bc4 30. b3 Bd3 31. g4 Nd5 32. b4 Nxb4 33. Kg3 g5 34. h4 Bc2 35. Be2 Bxa4 36. hxg5 hxg5 37. f4 gxf4+ 38. Kxf4 Nd5+ 39. Ke5 Nc3 40. Bc4 e3 41. Be2 Nxe2 42. Ke4 Bd7 43. Kf3 Bxg4+ 44. Kxg4 Nd4 0-1